000 00704nam a2200289Ia 4500
005 20260324112105.0
008 008 260324s9999 xx 000 0 eng d
020 _a9781003452409
037 _aEBOOK
040 _aCRL
040 _beng
040 _cCRL
041 _2eng
041 _aeng
084 _qCRL
100 _aVandy Kanyako
_91081282
245 0 _aCivil Society and Peacebuilding in Sierra Leone
245 0 _bDonors, Government, and Human Security
260 _bTaylor and Francis
260 _c2024
365 _a
365 _b230
856 _uhttp://www.taylorfrancis.com/books/9781003452409
942 _cEBOOK
999 _c1730324
_d1730324